[Event "BL 1718 SP Schwegenheim - SF Deizisau"]
[Site "?"]
[Date "2017.10.23"]
[Round "1.3"]
[White "Meier, Georg"]
[Black "Yankelevich, Lev"]
[Result "1-0"]
[WhiteElo "2655"]
[BlackElo "2442"]
[PlyCount "81"]
[EventDate "2017.??.??"]

1. Nf3 Nf6 2. g3 g6 3. Bg2 Bg7 4. O-O O-O 5. d4 d5 6. c3 a5 7. a4 Bf5 8. Bf4
Nh5 9. Be3 Nc6 10. h3 Nf6 11. Nbd2 Ne4 12. g4 Nxd2 13. Nxd2 Bc8 14. f4 f5 15.
Qb3 e6 16. Nf3 b6 17. Rf2 Ba6 18. Kh1 Rb8 19. Rg1 Ne7 20. Qc2 Qd6 21. Ne5 c5
22. Qd2 c4 23. Bf3 b5 24. axb5 Rxb5 25. Qc2 Bc8 26. Rh2 Bd7 27. h4 Be8 28. Bc1
fxg4 29. Rxg4 Rf5 30. Rg1 Rb8 31. Rhg2 Rf6 32. h5 Nf5 33. hxg6 Bxg6 34. Nxg6
Rxg6 35. Rxg6 hxg6 36. Rxg6 Qe7 37. Rg5 Rf8 38. e4 Nh4 39. Bg4 e5 40. dxe5 dxe4
41. Qxe4 1-0

[Event "BL 1718 SP Schwegenheim - SF Deizisau"]
[Site "?"]
[Date "2017.10.23"]
[Round "1.4"]
[White "Hoolt, Sarah"]
[Black "Heimann, Andreas"]
[Result "0-1"]
[WhiteElo "2423"]
[BlackElo "2578"]
[PlyCount "84"]
[EventDate "2017.??.??"]

1. e4 e5 2. Nf3 Nc6 3. Bc4 Nf6 4. d3 Bc5 5. c3 O-O 6. O-O d6 7. a4 a6 8. h3 Ba7
9. Na3 h6 10. Re1 Re8 11. b4 Be6 12. b5 Nb8 13. Be3 Nbd7 14. bxa6 bxa6 15. Bxa7
Rxa7 16. Bxe6 Rxe6 17. Rb1 d5 18. Qc2 c6 19. Re3 Ra8 20. Rbe1 Qa5 21. d4 exd4
22. cxd4 Nxe4 23. Nc4 Qb4 24. Nb2 Rae8 25. Nd3 Qc3 26. Qxc3 Nxc3 27. Rxe6 Rxe6
28. Rxe6 fxe6 29. a5 Kf8 30. Nb4 Nb8 31. Kh2 Ne2 32. g4 Ke7 33. h4 Kd6 34. h5
Nxd4 35. Nxd4 c5 36. Ndc2 cxb4 37. Nxb4 e5 38. Kg3 Kc5 39. Nc2 Nc6 40. f4 Nd4
41. Nxd4 Kxd4 42. f5 Ke4 0-1

[Event "BL 1718 SP Schwegenheim - SF Deizisau"]
[Site "?"]
[Date "2017.10.23"]
[Round "1.5"]
[White "Graf, Alexander"]
[Black "Farmani Anosheh, Armin"]
[Result "1-0"]
[WhiteElo "2576"]
[BlackElo "2321"]
[PlyCount "53"]
[EventDate "2017.??.??"]

1. d4 Nf6 2. c4 g6 3. Nc3 Bg7 4. e4 d6 5. f3 O-O 6. Be3 c5 7. d5 e6 8. dxe6
Bxe6 9. Bd3 Nc6 10. Nge2 a6 11. O-O Rb8 12. Rc1 Qa5 13. a4 Rfe8 14. Kh1 Ne5 15.
b3 Qc7 16. Bb1 Nc6 17. Qd2 Rbd8 18. Bg5 Nb4 19. Qf4 Qe7 20. Qh4 Bd7 21. e5 Qxe5
22. f4 Qe7 23. Ne4 Kf8 24. Bxf6 Bxf6 25. Nxf6 Qxe2 26. Qh6+ Ke7 27. Nxe8 1-0

[Event "BL 1718 SP Schwegenheim - SF Deizisau"]
[Site "?"]
[Date "2017.10.23"]
[Round "1.6"]
[White "Commercon, Simon"]
[Black "Keymer, Vincent"]
[Result "1-0"]
[WhiteElo "2255"]
[BlackElo "2413"]
[PlyCount "105"]
[EventDate "2017.??.??"]

1. d4 d5 2. c4 c6 3. Nf3 Nf6 4. e3 Bf5 5. Nc3 e6 6. Be2 h6 7. Qb3 Qb6 8. Bd2
Nbd7 9. Qxb6 axb6 10. cxd5 exd5 11. O-O b5 12. Ne5 b4 13. Nxd7 Kxd7 14. Nd1 Bd6
15. f3 Rhe8 16. Nf2 Bf4 17. exf4 Rxe2 18. Bxb4 Rxb2 19. a3 Re2 20. Rae1 Rae8
21. Ne4 dxe4 22. Rxe2 e3 23. Rb2 Nd5 24. g3 b6 25. Ra1 Rc8 26. a4 Rb8 27. Be1
Ra8 28. a5 Ra6 29. Raa2 b5 30. Ra3 Ra8 31. Kf1 g5 32. g4 Bh7 33. fxg5 hxg5 34.
Bb4 f5 35. a6 f4 36. a7 Nb6 37. Rba2 Nc4 38. Ra6 Bg8 39. Ke2 Bd5 40. Rc2 Be6
41. Ra1 Nb6 42. Bc5 Na4 43. Ra3 Bd5 44. Rc1 Rh8 45. Kd3 Bxf3 46. Rxa4 bxa4 47.
Rb1 a3 48. Rb7+ Ke6 49. Rb8 a2 50. a8=Q Rxb8 51. Qxb8 a1=Q 52. d5+ Bxd5 53.
Qe8+ 1-0

[Event "BL 1718 SP Schwegenheim - SF Deizisau"]
[Site "?"]
[Date "2017.10.23"]
[Round "1.7"]
[White "Dautov, Rustem"]
[Black "Kraemer, Enrico"]
[Result "1-0"]
[WhiteElo "2596"]
[BlackElo "2149"]
[PlyCount "109"]
[EventDate "2017.??.??"]

1. d4 Nf6 2. c4 e6 3. Nf3 d5 4. Nc3 dxc4 5. e3 a6 6. Bxc4 b5 7. Be2 Bb7 8. O-O
c5 9. dxc5 Qxd1 10. Rxd1 Bxc5 11. Nd4 O-O 12. Nb3 Bb6 13. a4 b4 14. a5 Ba7 15.
Na4 Bd5 16. Nbc5 Bxc5 17. Nxc5 Rc8 18. Na4 Nbd7 19. Bd2 Bb3 20. Re1 Rab8 21.
Nb6 Nxb6 22. axb6 Rxb6 23. Rxa6 Rxa6 24. Bxa6 Rc2 25. Rc1 Rxc1+ 26. Bxc1 Bc2
27. Bd2 b3 28. Kf1 Nd5 29. Ke2 Kf8 30. Bd3 Ke7 31. Bxc2 bxc2 32. Kd3 Kd6 33.
Kxc2 Kc5 34. Kd3 Kb5 35. Kd4 f6 36. g4 Nb6 37. Bc3 Nd5 38. Bd2 Nb6 39. f4 Nc4
40. Bc3 Nd6 41. e4 Nc4 42. Kd3 Nb6 43. e5 fxe5 44. Bxe5 g6 45. Ke4 Kc4 46. Bc3
Nd7 47. Bd4 Kb4 48. f5 exf5+ 49. gxf5 gxf5+ 50. Kxf5 Kc4 51. Bc3 Kd5 52. Kg5
Ke4 53. Kh6 Kf4 54. Kxh7 Kg4 55. Be1 1-0

[Event "BL 1718 SP Schwegenheim - SF Deizisau"]
[Site "?"]
[Date "2017.10.23"]
[Round "1.8"]
[White "Mager, Denis"]
[Black "Schlosser, Philipp"]
[Result "0-1"]
[WhiteElo "2283"]
[BlackElo "2503"]
[PlyCount "64"]
[EventDate "2017.??.??"]

1. c4 Nf6 2. Nc3 c5 3. Nf3 d5 4. cxd5 Nxd5 5. e4 Nb4 6. Bc4 Nd3+ 7. Ke2 Nf4+ 8.
Kf1 Ne6 9. d3 Nc6 10. Ne2 g6 11. Be3 Ned4 12. Nfxd4 cxd4 13. Bd2 Bg7 14. f4 O-O
15. h3 e5 16. g3 Kh8 17. Kg2 f5 18. Rc1 Qe7 19. Re1 fxe4 20. dxe4 Be6 21. Qb3
Bxc4 22. Qxc4 Rad8 23. Qd3 Rfe8 24. Ng1 Bh6 25. Nf3 exf4 26. gxf4 Rf8 27. Ng5
Bxg5 28. fxg5 Ne5 29. Qb5 Nf3 30. Bb4 Nxe1+ 31. Rxe1 Qe8 32. Qc5 Rf4 0-1

[Event "BL 1718 SG Solingen - MSA Zugzwang"]
[Site "?"]
[Date "2017.10.23"]
[Round "1.1"]
[White "Mons, Leon"]
[Black "Ragger, Markus"]
[Result "1/2-1/2"]
[WhiteElo "2500"]
[BlackElo "2659"]
[PlyCount "61"]
[EventDate "2017.??.??"]

1. Nf3 Nf6 2. c4 c5 3. e3 g6 4. d4 Bg7 5. d5 O-O 6. Nc3 d6 7. h3 e6 8. Bd3 exd5
9. cxd5 Na6 10. O-O Nc7 11. e4 b5 12. a3 a5 13. Bf4 Ba6 14. Ne2 Nh5 15. Bg5 Qd7
16. g4 Nf6 17. Ng3 b4 18. Bxa6 Nxa6 19. Qd2 Rfb8 20. Bh6 Bh8 21. Rfe1 bxa3 22.
Rxa3 Nc7 23. Rxa5 Rxa5 24. Qxa5 Rxb2 25. e5 Nfe8 26. exd6 Qxd6 27. Ne4 Qxd5 28.
Qxc5 Qxc5 29. Nxc5 Bg7 30. Bf4 Rc2 31. Rc1 1/2-1/2

[Event "BL 1718 SG Solingen - MSA Zugzwang"]
[Site "?"]
[Date "2017.10.23"]
[Round "1.2"]
[White "Ganguly, Surya Shekhar"]
[Black "Kindermann, Stefan"]
[Result "1/2-1/2"]
[WhiteElo "2657"]
[BlackElo "2502"]
[PlyCount "77"]
[EventDate "2017.??.??"]

1. Nf3 f5 2. d3 d6 3. e4 e5 4. Nc3 Nc6 5. exf5 Nge7 6. f6 gxf6 7. d4 Bg4 8. Be2
Ng6 9. O-O Bg7 10. h3 Bxf3 11. Bxf3 Nxd4 12. Bxb7 Rb8 13. Bd5 c6 14. Re1 Qe7
15. f4 f5 16. Bc4 d5 17. fxe5 Ne6 18. Nxd5 cxd5 19. Qxd5 Qc5+ 20. Be3 Qxd5 21.
Bxd5 Ke7 22. Bxa7 Rxb2 23. Bb3 Ra8 24. Bf2 Bxe5 25. Rad1 Raxa2 26. Rd5 Rxc2 27.
Bxa2 Rxa2 28. Rexe5 Nxe5 29. Bh4+ Kf7 30. Rxe5 Ng7 31. Bf2 Ra6 32. Bd4 Kg6 33.
Re7 Ne6 34. Be5 h5 35. Kf2 f4 36. Bb8 Rb6 37. Ba7 Ra6 38. Rb7 Ng5 39. Rb6+
1/2-1/2

[Event "BL 1718 SG Solingen - MSA Zugzwang"]
[Site "?"]
[Date "2017.10.23"]
[Round "1.3"]
[White "Bromberger, Stefan"]
[Black "Bok, Benjamin"]
[Result "1/2-1/2"]
[WhiteElo "2505"]
[BlackElo "2611"]
[PlyCount "50"]
[EventDate "2017.??.??"]

1. d4 Nf6 2. c4 g6 3. Nc3 d5 4. Nf3 Bg7 5. Qb3 dxc4 6. Qxc4 O-O 7. e4 a6 8. Be2
b5 9. Qb3 c5 10. dxc5 Bb7 11. O-O Nxe4 12. Nxe4 Bxe4 13. Bf4 Bd5 14. Qe3 Nc6
15. Rad1 e6 16. Rd2 Qa5 17. Bd6 Rfe8 18. Ng5 Qxa2 19. Bf3 Bh6 20. Bf4 Qc4 21.
b3 Qb4 22. Bxd5 exd5 23. Qf3 Bxg5 24. Bxg5 Qe4 25. Rxd5 Qxf3 1/2-1/2

[Event "BL 1718 SG Solingen - MSA Zugzwang"]
[Site "?"]
[Date "2017.10.23"]
[Round "1.4"]
[White "Smeets, Jan"]
[Black "Hoffmeyer, Falk"]
[Result "1-0"]
[WhiteElo "2605"]
[BlackElo "2377"]
[PlyCount "83"]
[EventDate "2017.??.??"]

1. e4 c6 2. d4 d5 3. e5 Bf5 4. Nf3 e6 5. Be2 c5 6. Be3 cxd4 7. Nxd4 Ne7 8. Nd2
Nbc6 9. N2f3 Be4 10. O-O Bxf3 11. Nxf3 Qc7 12. Rc1 Rd8 13. Bf4 Ng6 14. Bg3 Bc5
15. Re1 O-O 16. Bd3 Qb6 17. Rb1 a5 18. a3 Rd7 19. b4 axb4 20. axb4 Be7 21. h4
Rc8 22. Qd2 Qd8 23. h5 Nf8 24. Qf4 d4 25. Qd2 Qb6 26. b5 Na5 27. Qe2 Qd8 28.
Nd2 b6 29. Ne4 Nb7 30. Qg4 Nc5 31. Nf6+ Bxf6 32. exf6 Qxf6 33. Bh4 Qh6 34. Bg5
f5 35. Qh4 Ng6 36. Bxh6 Nxh4 37. Bg5 Nxg2 38. Kxg2 Nxd3 39. cxd3 Kf7 40. Kf1
Rc5 41. Rec1 Rdd5 42. Rxc5 1-0

[Event "BL 1718 SG Solingen - MSA Zugzwang"]
[Site "?"]
[Date "2017.10.23"]
[Round "1.5"]
[White "Schramm, Christian"]
[Black "L'Ami, Erwin"]
[Result "0-1"]
[WhiteElo "2368"]
[BlackElo "2611"]
[PlyCount "150"]
[EventDate "2017.??.??"]

1. e4 e5 2. Nf3 Nc6 3. Bb5 a6 4. Ba4 Nf6 5. O-O Be7 6. Re1 b5 7. Bb3 d6 8. c3
O-O 9. d3 a5 10. a4 b4 11. Nbd2 Rb8 12. h3 h6 13. Nc4 bxc3 14. bxc3 Be6 15. Ba3
Re8 16. Rb1 Bf8 17. Qc2 Qc8 18. Ne3 Bd7 19. Bc4 Rxb1 20. Rxb1 Nd8 21. Bc1 Ne6
22. Qa2 g6 23. Ng4 Nxg4 24. hxg4 Nd8 25. g5 h5 26. Be3 Ne6 27. Qb3 Qd8 28. Qa2
Qc8 29. Qb3 Be7 30. Qa2 Rf8 31. Bb5 c6 32. Bc4 Nc7 33. Qb3 Bg4 34. Qb7 c5 35.
Qxc8 Rxc8 36. Rb7 Bd8 37. Kf1 Bd7 38. Bb5 Bxb5 39. axb5 a4 40. Nd2 a3 41. c4
Ra8 42. Nb3 a2 43. Na1 Ne6 44. Ke2 Kf8 45. Kd2 Ke8 46. Kc2 Ba5 47. b6 Rc8 48.
Bd2 Nd8 49. Ra7 Bxb6 50. Rxa2 Ne6 51. Ra6 Rc6 52. Nb3 Kd7 53. Na5 Bxa5 54. Rxa5
Nd4+ 55. Kd1 Rb6 56. Ra7+ Ke6 57. Be3 Rb3 58. Kd2 Nc6 59. Ra6 Rxd3+ 60. Ke2 Kd7
61. Rxc6 Rxe3+ 62. Kxe3 Kxc6 63. Kd3 Kd7 64. Ke3 Kd8 65. Ke2 Ke7 66. Kf3 Ke6
67. g3 f6 68. gxf6 Kxf6 69. Kg2 g5 70. f3 Ke6 71. Kf2 Kd7 72. Ke3 Kc6 73. f4
gxf4+ 74. gxf4 exf4+ 75. Kxf4 Kd7 0-1

[Event "BL 1718 SG Solingen - MSA Zugzwang"]
[Site "?"]
[Date "2017.10.23"]
[Round "1.6"]
[White "Nikolic, Predrag"]
[Black "Gerigk, Erasmus"]
[Result "1-0"]
[WhiteElo "2586"]
[BlackElo "2339"]
[PlyCount "76"]
[EventDate "2017.??.??"]

1. Nf3 Nf6 2. g3 d5 3. Bg2 e6 4. O-O Be7 5. c4 O-O 6. b3 a5 7. Bb2 a4 8. d4 b6
9. cxd5 exd5 10. bxa4 Nc6 11. Ne5 Bb7 12. Nc3 Na5 13. Qc2 Re8 14. Rfd1 Bf8 15.
Rab1 c5 16. Nb5 c4 17. Bc1 Nc6 18. Nxc6 Bxc6 19. Bg5 Be7 20. Nc3 Ra5 21. Rd2
Nd7 22. Bxe7 Rxe7 23. e4 dxe4 24. d5 Bb7 25. Bxe4 Nf6 26. Bg2 Rd7 27. Rb5 Ba6
28. Rxa5 bxa5 29. Qb1 g6 30. Rb2 Kg7 31. Qd1 Ne8 32. Qd4+ Qf6 33. Qxf6+ Nxf6
34. Rb6 Ra7 35. d6 Nd7 36. Rc6 Kf6 37. f4 Nb8 38. Rc5 Rb7 1-0

[Event "BL 1718 SG Solingen - MSA Zugzwang"]
[Site "?"]
[Date "2017.10.23"]
[Round "1.7"]
[White "Eichler, Christoph"]
[Black "Sandipan, Chanda"]
[Result "0-1"]
[WhiteElo "2286"]
[BlackElo "2555"]
[PlyCount "82"]
[EventDate "2017.??.??"]

1. Nf3 f5 2. c4 Nf6 3. e3 e6 4. b3 b6 5. Be2 Bb7 6. O-O Be7 7. Bb2 O-O 8. d4
Ne4 9. Nbd2 d6 10. Nxe4 fxe4 11. Nd2 Bg5 12. Qc2 d5 13. Rae1 Nd7 14. Bg4 Re8
15. f3 Nf6 16. Bh3 h5 17. f4 Bh6 18. Rc1 c6 19. Qd1 Qe7 20. Rf2 Kh8 21. Nf1 Rg8
22. Rcc2 g5 23. fxg5 Bxg5 24. Bc1 h4 25. Kh1 Raf8 26. Qe1 Bh6 27. Qd1 Bc8 28.
cxd5 exd5 29. Ba3 Qxa3 30. Bxc8 Qd6 31. Bh3 c5 32. Rf5 Nh7 33. Rcf2 Ng5 34.
Rxf8 Rxf8 35. Rxf8+ Qxf8 36. Kg1 Nxh3+ 37. gxh3 Qg7+ 38. Kf2 cxd4 39. exd4 Qf6+
40. Kg2 e3 41. Qc2 Qe6 0-1

[Event "BL 1718 SG Solingen - MSA Zugzwang"]
[Site "?"]
[Date "2017.10.23"]
[Round "1.8"]
[White "Naumann, Alexander"]
[Black "Lammers, Markus"]
[Result "1-0"]
[WhiteElo "2563"]
[BlackElo "2308"]
[PlyCount "105"]
[EventDate "2017.??.??"]

1. e4 e5 2. Nf3 Nc6 3. d4 exd4 4. Nxd4 Bb4+ 5. c3 Bc5 6. Be3 Bb6 7. Nf5 Bxe3 8.
Nxe3 Nf6 9. f3 O-O 10. c4 d6 11. Nc3 Be6 12. Qd2 Nd7 13. Be2 a5 14. O-O Nc5 15.
Rad1 Ne7 16. f4 f5 17. Bf3 Kh8 18. g3 Bd7 19. Rfe1 Re8 20. Qc2 Qc8 21. Bh5 Rf8
22. exf5 Nxf5 23. Ncd5 Qd8 24. Nxf5 Bxf5 25. Qc3 c6 26. Ne3 Be4 27. Ng4 Qd7 28.
Nf2 Bf5 29. Re2 Rf6 30. g4 Bg6 31. Bxg6 Rxg6 32. Rde1 Re6 33. f5 Rxe2 34. Rxe2
Qf7 35. b3 h6 36. Qe3 Qf6 37. Nh3 Qh4 38. Qf3 Rd8 39. Nf4 Qf6 40. Qe3 Kg8 41.
Ng6 Kh7 42. Kg2 b6 43. Qe7 Qd4 44. h3 Rc8 45. g5 Qd3 46. gxh6 Rc7 47. Nf8+ Kh8
48. hxg7+ Kg8 49. Qe8 Kxg7 50. Qg6+ Kh8 51. Qh5+ Kg8 52. Ng6 Rh7 53. Qg4 1-0

[Event "BL 1718 DJK Aachen - Bayern München"]
[Site "?"]
[Date "2017.10.23"]
[Round "1.1"]
[White "Dragnev, Valentin"]
[Black "Iturrizaga Bonelli, Eduardo"]
[Result "0-1"]
[WhiteElo "2466"]
[BlackElo "2665"]
[PlyCount "90"]
[EventDate "2017.??.??"]

1. e4 c5 2. Nf3 e6 3. d4 cxd4 4. Nxd4 a6 5. g3 h5 6. Bg2 h4 7. O-O Ne7 8. Nc3
Nbc6 9. Re1 Nxd4 10. Qxd4 Nc6 11. Qe3 Qc7 12. Nd5 exd5 13. exd5+ Ne7 14. Qa3 d6
15. Bf4 Kd7 16. c4 hxg3 17. hxg3 Qc5 18. b4 Qxc4 19. Rac1 Qb5 20. Qc3 Qb6 21.
Be3 Qd8 22. Bf3 Ke8 23. Bd4 Bf5 24. Qe3 Qd7 25. Bb6 Rc8 26. Rxc8+ Qxc8 27. Rc1
Qd7 28. Rc7 Qb5 29. Rxb7 f6 30. g4 Qd3 31. Rc7 Qxe3 32. Bxe3 Bd3 33. a4 Ng6 34.
Bd4 Ne5 35. Bxe5 fxe5 36. Rc3 e4 37. Bd1 Kd7 38. g5 Rh4 39. Kg2 Be7 40. Kg3
Bxg5 41. Bg4+ Ke7 42. f4 Bf6 43. Rc7+ Ke8 44. Be6 e3 45. Rc8+ Bd8 0-1

[Event "BL 1718 DJK Aachen - Bayern München"]
[Site "?"]
[Date "2017.10.23"]
[Round "1.2"]
[White "Parligras, Mircea Emilian"]
[Black "Bischoff, Klaus"]
[Result "1/2-1/2"]
[WhiteElo "2616"]
[BlackElo "2510"]
[PlyCount "75"]
[EventDate "2017.??.??"]

1. d4 Nf6 2. c4 c5 3. d5 b5 4. cxb5 a6 5. bxa6 g6 6. Nc3 Bxa6 7. Nf3 d6 8. e4
Bxf1 9. Kxf1 Qc8 10. h3 Bg7 11. Kg1 O-O 12. Kh2 Nbd7 13. Re1 Qb7 14. Kg1 Ne8
15. Qc2 Nc7 16. Bg5 Rfe8 17. a4 Ne5 18. Nxe5 Bxe5 19. b3 Ra6 20. Rab1 Rb6 21.
Ne2 e6 22. dxe6 Nxe6 23. Bd2 Rb8 24. a5 Rb5 25. Qc4 Nc7 26. Nc1 Qa6 27. Nd3 Bd4
28. b4 Rxa5 29. Qxa6 Rxa6 30. bxc5 Rxb1 31. Rxb1 dxc5 32. Bh6 Ra8 33. Rb6 Ne6
34. Rc6 Nd8 35. Rc7 Ne6 36. Rc6 Nd8 37. Rc7 Ne6 38. Rc6 1/2-1/2

[Event "BL 1718 DJK Aachen - Bayern München"]
[Site "?"]
[Date "2017.10.23"]
[Round "1.3"]
[White "Fedorovsky, Michael"]
[Black "Bindrich, Falko"]
[Result "1-0"]
[WhiteElo "2478"]
[BlackElo "2598"]
[PlyCount "134"]
[EventDate "2017.??.??"]

1. d4 Nf6 2. c4 e6 3. Nc3 Bb4 4. f3 c5 5. d5 b5 6. e4 O-O 7. Nh3 d6 8. Nf4 e5
9. Nfe2 Nh5 10. g4 Qh4+ 11. Kd2 Nf4 12. Nxf4 exf4 13. Kc2 Bxc3 14. bxc3 bxc4
15. Bxf4 Qf6 16. Qd2 Ba6 17. Bg3 Qxf3 18. Bg2 Qd3+ 19. Kc1 Nd7 20. Bxd6 Rfe8
21. Re1 Ne5 22. Re3 Qxd2+ 23. Kxd2 Nxg4 24. Re2 Ne5 25. Bxc5 Nd3 26. Bd6 Rad8
27. Bg3 f6 28. Rb1 Kf7 29. Bh3 Ne5 30. Ke3 h5 31. Be6+ Rxe6 32. dxe6+ Kxe6 33.
Rd2 Nd3 34. Rb4 h4 35. Rb8 Rd7 36. Bxh4 Bb7 37. Bg3 Kf7 38. e5 fxe5 39. Bh4 Kg6
40. Rd1 Rf7 41. Rg1+ Kh7 42. Bg3 Bc6 43. Rc8 Bd5 44. Rd8 Bc6 45. Rc8 Bd5 46.
Re8 Bc6 47. Re6 Bd5 48. Ra6 g5 49. Ra5 Rd7 50. Bxe5 Nxe5 51. Rxg5 Re7 52. Rxd5
Nf7+ 53. Kd4 Nxg5 54. Rxg5 Re2 55. a4 Rxh2 56. Kxc4 Rh4+ 57. Kb5 a6+ 58. Kxa6
Rxa4+ 59. Kb5 Ra8 60. c4 Kh6 61. Rg1 Rb8+ 62. Kc6 Rc8+ 63. Kd5 Rd8+ 64. Ke6 Rc8
65. Rc1 Rc6+ 66. Kd7 Rg6 67. c5 Rg7+ 1-0

[Event "BL 1718 DJK Aachen - Bayern München"]
[Site "?"]
[Date "2017.10.23"]
[Round "1.4"]
[White "Handke, Florian"]
[Black "Schneider, Stefan"]
[Result "1-0"]
[WhiteElo "2525"]
[BlackElo "2390"]
[PlyCount "78"]
[EventDate "2017.??.??"]

1. e4 e6 2. d4 d5 3. Nc3 Nf6 4. e5 Nfd7 5. f4 c5 6. Nf3 Be7 7. Be3 Nc6 8. Qd2
O-O 9. Be2 b6 10. O-O Bb7 11. Nd1 cxd4 12. Nxd4 Nc5 13. Nc3 a6 14. a3 b5 15.
Rad1 Rc8 16. Qe1 Nxd4 17. Bxd4 Qc7 18. Bd3 f5 19. exf6 Bxf6 20. Qe3 Bxd4 21.
Qxd4 Nxd3 22. cxd3 Qc5 23. Ne2 g5 24. b4 Qxd4+ 25. Nxd4 gxf4 26. Nxe6 Rf6 27.
Nc5 Bc6 28. d4 Be8 29. Rd3 Ra8 30. g3 a5 31. bxa5 Rxa5 32. Rxf4 Rxf4 33. gxf4
b4 34. axb4 Ra1+ 35. Kf2 Bb5 36. Re3 Rf1+ 37. Kg3 Rd1 38. Ne6 Bd7 39. f5 Rb1
1-0

[Event "BL 1718 DJK Aachen - Bayern München"]
[Site "?"]
[Date "2017.10.23"]
[Round "1.5"]
[White "Schenk, Andreas"]
[Black "Zaragatski, Ilja"]
[Result "0-1"]
[WhiteElo "2435"]
[BlackElo "2495"]
[PlyCount "79"]
[EventDate "2017.??.??"]

1. d4 Nf6 2. Nf3 c5 3. d5 b5 4. c4 Bb7 5. Nbd2 bxc4 6. e4 e6 7. dxe6 dxe6 8. e5
Nd5 9. Nxc4 Be7 10. Be2 O-O 11. O-O Nc6 12. Bd2 Qc7 13. Rc1 Rfd8 14. Qc2 Rac8
15. Rfe1 Nb6 16. h3 Nxc4 17. Bxc4 Nb4 18. Qc3 Bxf3 19. gxf3 Rd4 20. a3 Nd5 21.
Bxd5 Rxd5 22. Re4 Qb7 23. Kg2 Rcd8 24. Be3 h6 25. Rc2 Rd3 26. Qc4 R8d5 27. b4
Rxa3 28. bxc5 Qc6 29. Rc1 Bg5 30. Bxg5 hxg5 31. Qb4 Rdd3 32. Qb8+ Kh7 33. Qb1
g6 34. Rcc4 Rxf3 35. Qd1 Rf5 36. Qd6 Qb7 37. Rb4 Qd5 38. Qxd5 exd5 39. Re2 Rc3
40. Rbe4 0-1

[Event "BL 1718 DJK Aachen - Bayern München"]
[Site "?"]
[Date "2017.10.23"]
[Round "1.6"]
[White "Swinkels, Robin"]
[Black "Belezky, Alexander"]
[Result "1-0"]
[WhiteElo "2486"]
[BlackElo "2386"]
[PlyCount "97"]
[EventDate "2017.??.??"]

1. d4 Nf6 2. c4 d6 3. Nf3 g6 4. g3 Bg7 5. Bg2 O-O 6. Nc3 c6 7. O-O Qa5 8. e4
Qh5 9. Ng5 Qxd1 10. Rxd1 Nfd7 11. Bf1 a6 12. a4 c5 13. d5 Bxc3 14. bxc3 Ne5 15.
f4 Bg4 16. Re1 Ned7 17. h3 f6 18. Nxh7 Kxh7 19. hxg4 a5 20. Rb1 Ra7 21. Re2 Kg7
22. g5 fxg5 23. Bh3 gxf4 24. gxf4 Nf6 25. e5 Nfd7 26. Reb2 b6 27. e6 Nf6 28.
Rxb6 Na6 29. R6b5 Nc7 30. Rb7 Rfa8 31. R7b2 Rh8 32. Bf1 Ng4 33. Rg2 Rh4 34. Be2
Nh6 35. Bd2 Nf5 36. Kf2 Kf6 37. Bd3 Rh6 38. Rbg1 Ne8 39. Bxf5 Kxf5 40. Rg5+ Kf6
41. f5 Rh2+ 42. Ke3 gxf5 43. Rg8 Rh3+ 44. Kf2 Rh2+ 45. Kf3 Rh3+ 46. Kg2 Rd3 47.
Bg5+ Ke5 48. Re1+ Re3 49. Rxe3# 1-0

[Event "BL 1718 DJK Aachen - Bayern München"]
[Site "?"]
[Date "2017.10.23"]
[Round "1.7"]
[White "Meister, Peter"]
[Black "Hoffmann, Michael"]
[Result "1/2-1/2"]
[WhiteElo "2377"]
[BlackElo "2462"]
[PlyCount "48"]
[EventDate "2017.??.??"]

1. d4 Nf6 2. Nf3 g6 3. Nc3 d5 4. Bf4 Bg7 5. e3 O-O 6. Be2 c5 7. O-O cxd4 8.
exd4 Bg4 9. h3 Bxf3 10. Bxf3 Nc6 11. Qd3 Rc8 12. Ne2 Qb6 13. c3 Rfe8 14. Rab1
a6 15. Rfd1 Qa5 16. a3 b5 17. b4 Qb6 18. Qc2 e6 19. a4 bxa4 20. Qxa4 Na7 21.
Ra1 Rc6 22. Bd2 Nb5 23. Ra2 h5 24. Qb3 Rec8 1/2-1/2

[Event "BL 1718 DJK Aachen - Bayern München"]
[Site "?"]
[Date "2017.10.23"]
[Round "1.8"]
[White "Braun, Christian"]
[Black "Unzicker, Ferdinand"]
[Result "1-0"]
[WhiteElo "2369"]
[BlackElo "2312"]
[PlyCount "69"]
[EventDate "2017.??.??"]

1. e4 c5 2. Nf3 Nc6 3. Bb5 g6 4. Bxc6 dxc6 5. h3 Bg7 6. d3 Nf6 7. Nc3 O-O 8.
Be3 b6 9. Qd2 e5 10. Bh6 Qd6 11. Bxg7 Kxg7 12. Nh2 Be6 13. O-O-O a5 14. Ng4 Ng8
15. f4 exf4 16. e5 Qd4 17. Rde1 c4 18. Re4 Qd7 19. Nf6 Nxf6 20. exf6+ Kxf6 21.
Qxf4+ Kg7 22. Qe5+ Kg8 23. Rd4 Qb7 24. Ne4 Rfd8 25. Nf6+ Kf8 26. Nxh7+ Ke8 27.
Rxc4 c5 28. Re4 Rd4 29. Qh8+ Ke7 30. Qf6+ Ke8 31. Rhe1 Rxe4 32. Rxe4 Rd8 33.
Rxe6+ fxe6 34. Qxe6+ Qe7 35. Nf6+ 1-0

[Event "BL 1718 USV TU Dresden - Hamburger SK"]
[Site "?"]
[Date "2017.10.23"]
[Round "1.2"]
[White "Almasi, Zoltan"]
[Black "Svane, Rasmus"]
[Result "1/2-1/2"]
[WhiteElo "2707"]
[BlackElo "2595"]
[PlyCount "88"]
[EventDate "2017.??.??"]

1. e4 c6 2. Nc3 d5 3. Nf3 Nf6 4. e5 Ne4 5. Ne2 Qb6 6. d4 e6 7. Nfg1 f6 8. f3
Ng5 9. exf6 gxf6 10. f4 Ne4 11. Ng3 Bd7 12. Bd3 f5 13. Bxe4 dxe4 14. Qh5+ Kd8
15. N1e2 Be8 16. Qg5+ Be7 17. Qh6 Bg6 18. Nf1 c5 19. Qg7 Re8 20. Bd2 Nc6 21.
dxc5 Qxc5 22. O-O-O Kc7 23. Be3 Qc4 24. Nc3 Rg8 25. Nd2 Qa6 26. Qh6 Rac8 27.
Nb3 Kb8 28. Bc5 Bf6 29. Qh3 Na5 30. Rd6 Nxb3+ 31. cxb3 Rc6 32. Rxc6 Qxc6 33.
Qe3 Rd8 34. Rd1 Rxd1+ 35. Kxd1 b6 36. Bd4 Qd7 37. Ne2 e5 38. fxe5 Bxe5 39. g3
Kb7 40. Kc2 Bc7 41. Nf4 Qb5 42. Qe2 Qxe2+ 43. Nxe2 Bh5 44. Nf4 Bxf4 1/2-1/2

[Event "BL 1718 USV TU Dresden - Hamburger SK"]
[Site "?"]
[Date "2017.10.23"]
[Round "1.3"]
[White "Miton, Kamil"]
[Black "Nisipeanu, Liviu-Dieter"]
[Result "0-1"]
[WhiteElo "2605"]
[BlackElo "2672"]
[PlyCount "64"]
[EventDate "2017.??.??"]

1. e4 c5 2. Nf3 e6 3. d4 cxd4 4. Nxd4 Nf6 5. Nc3 d6 6. Be2 Be7 7. Be3 O-O 8.
Qd2 e5 9. Nb3 a5 10. a3 a4 11. Nc1 Nc6 12. O-O Nxe4 13. Nxe4 d5 14. Ng3 d4 15.
Bh6 gxh6 16. Bc4 Kh8 17. Qxh6 Qd6 18. Qxd6 Bxd6 19. f4 f5 20. fxe5 Nxe5 21. Bd3
f4 22. Ne4 Bc7 23. Nd2 Ba5 24. Nc4 Nxc4 25. Bxc4 Bd2 26. Ne2 Bg4 27. c3 Rac8
28. Bd3 dxc3 29. Nxc3 f3 30. Nd5 Rcd8 31. Be4 Be6 32. Nb6 Be3+ 0-1

[Event "BL 1718 USV TU Dresden - Hamburger SK"]
[Site "?"]
[Date "2017.10.23"]
[Round "1.4"]
[White "Bartel, Mateusz"]
[Black "Kempinski, Robert"]
[Result "1-0"]
[WhiteElo "2613"]
[BlackElo "2593"]
[PlyCount "51"]
[EventDate "2017.??.??"]

1. e4 c5 2. Nf3 d6 3. d4 cxd4 4. Nxd4 Nf6 5. Nc3 a6 6. Nb3 Nc6 7. Be3 e6 8. g4
h6 9. Bg2 Ne5 10. h3 Nc4 11. Qe2 Qc7 12. O-O-O Bd7 13. f4 Rc8 14. Rd3 b5 15. a3
a5 16. Nd4 Qb8 17. b3 Nxa3 18. g5 b4 19. Nd5 Ng8 20. g6 fxg6 21. e5 Ne7 22.
Nxe7 Bxe7 23. Qg4 O-O 24. Qxg6 dxe5 25. Be4 Bf6 26. Nc6 1-0

[Event "BL 1718 USV TU Dresden - Hamburger SK"]
[Site "?"]
[Date "2017.10.23"]
[Round "1.5"]
[White "Lampert, Jonas"]
[Black "Vogel, Roven"]
[Result "1/2-1/2"]
[WhiteElo "2514"]
[BlackElo "2493"]
[PlyCount "105"]
[EventDate "2017.??.??"]

1. e4 c6 2. d4 d5 3. Nc3 dxe4 4. Nxe4 Bf5 5. Ng3 Bg6 6. Nf3 e6 7. Bd3 Nf6 8.
O-O Nbd7 9. Bf4 Qb6 10. Rb1 Be7 11. c4 Qa6 12. Bxg6 hxg6 13. Qc2 b5 14. b3 O-O
15. c5 Nd5 16. Bg5 Qc8 17. Rfe1 Qd8 18. Bxe7 Nxe7 19. Ne4 Nf5 20. Rbd1 Qc7 21.
Neg5 Rad8 22. h3 Nf6 23. g4 Ne7 24. Ne5 Rd5 25. Qe2 Nh7 26. Ne4 f6 27. Nf3 Rfd8
28. Nc3 Nf8 29. Nxd5 Nxd5 30. Qd2 g5 31. h4 gxh4 32. Nxh4 g5 33. Ng2 Kf7 34.
Qd3 Ng6 35. Rxe6 Kxe6 36. Qxg6 Kd7 37. Qf5+ Ke8 38. Ne3 Qd7 39. Qe4+ Kf8 40.
Nxd5 Qxd5 41. f3 Qd7 42. Kf2 Re8 43. Qf5 Qe7 44. Qd3 Kg7 45. Rh1 Rh8 46. Rxh8
Kxh8 47. Qe4 Qc7 48. Ke3 Qg3 49. Kd3 Qg1 50. Qe2 Kg7 51. Ke4 Qb1+ 52. Qd3 Qxa2
53. Ke3 1/2-1/2